000 00330 a2200121 4500
005 20260313141750.0
020 _a9789811627729
100 _aYULU,S
245 _aAn Introduction Artificial intelligence in Education
260 _aSpringer
_bBeijing
_c2021
300 _aviii,198p;ill;graph,picture
_bReference
_c23cm
942 _2ddc
_cBKS
999 _c6815
_d6815